000 00404nam a2200181Ia 4500
001 19289
003 GE_BSU
008 181216s||||||||xx |||||||||||||| ||und||
040 _cGE_BSU
245 4 _aThe Economist.№9011. 2016
245 _b15TH-21ST
260 _aLondon
260 _c2016
300 _a87p;ill,27cm
653 _aThe Economist
653 _aპერიოდიკა
942 _cCR
999 _c52280
_d52280